Statistics for Rappers A-Z

Click here to take the quiz!

General Stats

  • This quiz has been taken 10 times
  • The average score is 5 of 26

Answer Stats

LetterRapper% Correct
DDrake
70%
KKendrick Lamar
70%
JJuice Wrld
40%
XXXXTENTACION
40%
IIce Cube
30%
BLil Baby
30%
ULil Uzi Vert
30%
FFuture
20%
SLil Skies
20%
LLogic
20%
QQuavo
20%
TTrippie Redd
20%
WWiz Khalifa
20%
YYoung Thug
20%
AAmine
10%
GG Herbo
10%
HHotboii
10%
PPop Smoke
10%
RRoddy Rich
10%
VVanilla Ice
10%
CCordae
0%
EE-40
0%
MMeek Mill
0%
NNipsey Hussle
0%
OOffset
0%
ZZico
0%

Score Distribution

Percentile by Number Answered

Percent of People with Each Score

Your Score History

You have not taken this quiz